000 00661nam a2200253Ia 4500
001 dia_1136
003 CHAP
005 20230126095734.0
008 220117s1990 xx 000 0 und d
010 _a171682
020 _a968-24-3527-7
040 _cCHAP
082 _a380.14 D3
100 _aDaniel, Patricia
_9150127
245 _aFundamentos de Mercadotecnia /
_c por Patricia Daniel
260 _aMéxico :
_b Trillas,
_c1990
300 _a170 p.
503 _aC/e
650 _a1.Mercadotecnia
_9148006
901 _a380.14 D3
902 _aM
905 _a0000001990 MX X 0000000000SPA00
942 _cLIBRO
_2ddc
999 _c171682
_d171682